| 000 | 01738nam a2200301Ia 4500 | ||
|---|---|---|---|
| 999 |
_c53030 _d53030 |
||
| 001 | 20066 | ||
| 003 | GE_BSU | ||
| 005 | 20250417113409.0 | ||
| 008 | 181216s1998||||ge |||||||||||||| ||geo|| | ||
| 040 | _cGE_BSU | ||
| 041 | _ageo | ||
| 080 | _a629.33 ა-34 | ||
| 245 |
_aავტომობილის სადატვირთვო რეჟიმები და საიმედოობა / _cთ. რუსაძე, ა. ლეჟავა, გ. ცირეკიძე, მ. ფერაძე, თ. მამალაძე, ნ. ღვინეფაძე ; რედ. : გ. ჩიტიძე. |
||
| 264 |
_aქუთაისი : _bქუთაისი გ. ტაბიძის სახ. სააქციო საზ-ბა ''სტამბის საგამომცემლო ცენტრი, _c1998. |
||
| 300 |
_a296 გვ. ; _c21 სმ. |
||
| 541 | _h20 ლ. | ||
| 653 | _aავტომობილის სადატვირთვო რეჟიმები და საიმედოობა | ||
| 653 | _aსატრანსპორტო საშუალებათა ტექნიკა | ||
| 653 | _aტრანსპორტი | ||
| 700 |
_aრუსაძე, თ. _eავტორი _924856 |
||
| 700 |
_aლეჟავა, ა. _eავტორი _924006 |
||
| 700 |
_a ცირეკიძე, გ. _eავტორი _924857 |
||
| 700 |
_aფერაძე, მ. _eავტორი _924858 |
||
| 700 |
_a მამალაძე, თ. _eავტორი _924859 |
||
| 700 |
_aღვინეფაძე, ნ. _eავტორი _924860 |
||
| 700 |
_aჩიტიძე, გ. _eრედაქტორი _924861 |
||
| 942 |
_cBK _2udc |
||